| 000 | 00552nam a22001937a 4500 | ||
|---|---|---|---|
| 003 | OSt | ||
| 005 | 20140310182210.0 | ||
| 008 | 130905t xxu||||| |||| 00| 0 eng d | ||
| 020 | _a9780754805359 | ||
| 050 |
_aTX 772 _b.C773 2000 |
||
| 082 |
_aHS 641.7 _bC78 2000 |
||
| 245 |
_aCookie gifts : _b lavish treats to make at home / _c edited by Molly Perham. |
||
| 260 |
_aLondon : _b Lorenz Books, _cc2000. |
||
| 300 |
_a64 p : _bill ; _c21 cm |
||
| 650 |
_a Cookies. _916689 |
||
| 650 |
_aBaking. _916225 |
||
| 942 |
_2lcc _cHS |
||
| 999 |
_c10433 _d10433 |
||